00281nam a2200121Ia 4500008004100000041000900041082001700050100001300067245002500080260003800105300000800143650000800151230718s9999 xx 000 0 und d aEng. a34759bREY-S aRey, Law 0aSpecific Relief 1877 aPakistanbKey Cam Pablishedc2010 a245 aLaw